| 000 | 00468nam a2200145 a 4500 | ||
|---|---|---|---|
| 001 | 2841 | ||
| 003 | CDMR | ||
| 005 | 20130426095402.0 | ||
| 008 | 130130s1929||||||||||||||||||||||||||||d | ||
| 040 |
_aCDMR _bcat _cCDMR |
||
| 110 | 2 |
_91187 _aAsociación Española de la Prensa Técnica y Profesional |
|
| 245 | 1 | 0 | _aMemoria de la labor realizada por la Junta Directiva durante el año 1928 |
| 260 |
_aBarcelona _c1929 _bAsociación Española de la Prensa Técnica |
||
| 942 | _cMON | ||
| 999 |
_c2841 _d2841 |
||